Countries That Use The Peso As Currency - Statistics

General Stats
  • This quiz has been taken 33 times
  • The average score is 19 of 21
Answer Stats
Country Currency % Correct
Argentina Peso
100%
Bolivia Boliviano
100%
Colombia Peso
100%
Honduras Lempira
100%
Costa Rica Colón
97%
Ecuador Sucre
97%
Mexico Peso
97%
Nicaragua Córdoba
97%
Venezuela Bolívar
97%
Chile Peso
94%
Cuba Peso
94%
Paraguay Guaraní
94%
Peru Sol
94%
Uruguay Peso
94%
Dominican Republic Peso
90%
Guatemala Quetzal
87%
El Salvador Colón
84%
Spain Peseta
84%
Philippines Peso
74%
Equatorial Guinea Ekwele
55%
Guinea-Bissau Franc
26%
No matching quizzes found
Score Distribution
Percent of People with Each Score
Percentile by Number Answered
Your Score History
You have not taken this quiz